AN ASSESSMENT OF THE CAUSES OF UNETHICAL PROCUREMENT PROCESS IN THE POLICE SERVICE (Record no. 215961)

MARC details
000 -LEADER
fixed length control field 00493nam a22001457a 4500
008 - FIXED-LENGTH DATA ELEMENTS--GENERAL INFORMATION
fixed length control field 250725b |||||||| |||| 00| 0 eng d
050 ## - LIBRARY OF CONGRESS CALL NUMBER
Classification number THE KF 27. T37 2016
Item number C. 1
100 ## - MAIN ENTRY--PERSONAL NAME
Personal name TARUS, MOSES KIPKOSGEI
245 ## - TITLE STATEMENT
Title AN ASSESSMENT OF THE CAUSES OF UNETHICAL PROCUREMENT PROCESS IN THE POLICE SERVICE
Remainder of title A CASE OF MASABA NORTH SUB-COUNTY HEADQUARTERS
260 ## - PUBLICATION, DISTRIBUTION, ETC.
Place of publication, distribution, etc. KISII
Name of publisher, distributor, etc. KSU
Date of publication, distribution, etc. 2016
300 ## - PHYSICAL DESCRIPTION
Extent XII, 33P., ILL:
500 ## - GENERAL NOTE
General note INCLUDES REFERENCES
942 ## - ADDED ENTRY ELEMENTS (KOHA)
Source of classification or shelving scheme Library of Congress Classification
Koha item type Reference
Holdings
Withdrawn status Lost status Source of classification or shelving scheme Damaged status Not for loan Collection Home library Current library Shelving location Date acquired Inventory number Total checkouts Full call number Barcode Date last seen Copy number Price effective from Koha item type
    Library of Congress Classification   Not for loan Special Research Kisii University Library Kisii University Library On Display 07/25/2025 84779   THE KF 27. T37 2016 000000024029 07/25/2025 C.1 07/25/2025 Reference